000 00695cam a22002413a 4500
001 19874
003 PGUSA
005 20140828083424.0
008 061120s2006||||xxu|||||s|||||000 1 eng d
040 _aPGUSA
_beng
042 _adc
050 4 _aPR
100 1 _aBain, F. W.
_q(Francis William),
_d1863-1940
245 1 0 _aBubbles of the Foam
_h[electronic resource] /
_cF. W. Bain
260 _bProject Gutenberg,
_c2006
505 0 _aA spoiled child -- The thirst of an antelope.
506 _aPublic domain in the USA.
516 _aElectronic text
653 _aFantasy fiction
830 0 _aProject Gutenberg
_v19874
856 4 0 _uhttp://www.gutenberg.org/ebooks/19874
942 _cEB
999 _c249129
_d249129